A propósito de los 500 años Mártir de Anglería, Colón y Vespucio (Record no. 61660)

MARC details
000 -CABECERA
campo de control de longitud fija 00559nam a2200205 a 4500
005 - FECHA Y HORA DE LA ÚLTIMA TRANSACCIÓN
campo de control 20210219152821.0
008 - ELEMENTOS DE LONGITUD FIJA--INFORMACIÓN GENERAL
campo de control de longitud fija 991125n 000 0 spa u
035 ## - NÚMERO DE CONTROL DEL SISTEMA
Número de control de sistema UPN01000062334
100 1# - ASIENTO PRINCIPAL--NOMBRE PERSONAL
Nombre de persona MENDOZA VILLALBA, Luis Antonio
222 ## - TÍTULO CLAVE
Título clave EDUCACION Y CULTURA
245 ## - MENCIÓN DE TÍTULO
Título A propósito de los 500 años Mártir de Anglería, Colón y Vespucio
260 ## - PUBLICACIÓN, DISTRIBUCIÓN, ETC.
Lugar de publicación, distribución, etc. COLOMBIA
300 ## - DESCRIPCIÓN FÍSICA
Extensión 38-40
362 0# - FECHAS DE PUBLICACIÓN Y/O DESIGNACIÓN SECUENCIAL
Fecha de publicación y/o designación secuencial 1992 No. 28, nov.
653 0# - TERMINO DE INDIZACION - NO CONTROLADO
Término no controlado AMERICA
653 0# - TERMINO DE INDIZACION - NO CONTROLADO
Término no controlado COLOMBIA
653 0# - TERMINO DE INDIZACION - NO CONTROLADO
Término no controlado DESCUBRIMIENTO DE AMERICA
653 0# - TERMINO DE INDIZACION - NO CONTROLADO
Término no controlado HISTORIA
905 ## - TIPO DE MATERIAL
Tipo de material Articulo

No items available.